ASOIAF Coat of Arms - Statistics

General Stats
  • This quiz has been taken 127 times
  • The average score is 65 of 350
Answer Stats
Picture Answer % Correct
Stark
98%
Tully
91%
Lannister
89%
Targaryen
86%
Baratheon
85%
Greyjoy
85%
Mormont
85%
Tyrell
85%
Blackfyre
83%
Bolton
83%
Hightower
83%
Martell
83%
Dayne
77%
Arryn
75%
Frey
75%
Manderly
75%
Velaryon
75%
Redwyne
74%
Tarly
72%
Seaworth
71%
Glover
69%
Dondarrion
66%
Reed
66%
Blackwood
65%
Karstark
63%
Umber
63%
Florent
62%
Tarth
62%
Bracken
57%
Swann
57%
Connington
55%
Celtigar
54%
Royce
54%
Mallister
52%
Ashford
51%
Baelish
51%
Hornwood
49%
Reyne
49%
Baratheon of King's Landing
46%
Gardener
46%
Yronwood
46%
Baratheon of Dragonstone
45%
Fossoway of Cider Hall
45%
Estermont
43%
Selmy
42%
Whent
42%
Darry
40%
Harlaw
40%
Webber
40%
Westerling
40%
Hoare
38%
Redfort
37%
Strong
37%
Brax
35%
Stokeworth
35%
Corbray
34%
Fossoway of New Barrel
34%
Lipps
34%
Bar Emmon
32%
Codd
32%
Peake
32%
Penrose
32%
Swyft
32%
Cole
31%
Dustin
31%
Massey
31%
Merryweather
31%
Darklyn
29%
Lannister of Darry
29%
Locke
29%
Piper
29%
Plumm
29%
Rosby
29%
Rowan
29%
Ryswell
29%
Mooton
28%
Payne
28%
Tallhart
28%
Manwoody
26%
Marbrand
26%
Tarbeck
26%
Belmore
25%
Cerwyn
25%
Farwynd
25%
Goodbrother
25%
Hollard
25%
Bulwer
23%
Dalt
23%
Farman
23%
Kettleblack
23%
Lefford
23%
Lothston
23%
Trant
23%
Blackmont
22%
Drumm
22%
Hardyng
22%
Harroway
22%
Osgrey
22%
Qorgyle
22%
Toland
22%
Tyrell of Brightwater Keep
22%
Uller
22%
Waynwood
22%
Wylde
22%
Ambrose
20%
Caron
20%
Costayne
20%
Flint of Widow's Watch
20%
Fowler
20%
Santagar
20%
Wyl
20%
Caswell
18%
Jordayne
18%
Oakheart
18%
Thenn
18%
Cargyll
17%
Grandison
17%
Hunter
17%
Smallwood
17%
Allyrion
15%
Butterwell
15%
Crane
15%
Farring
15%
Greyiron
15%
Knott
15%
Lonmouth
15%
Mudd
15%
Royce of the Gates of the Moon
15%
Sunglass
15%
Ball
14%
Banefort
14%
Blount
14%
Buckler
14%
Buckwell
14%
Bywater
14%
Cassel
14%
Fell
14%
Flint of Flint's Finger
14%
Grafton
14%
Hunt
14%
Lydden
14%
Meadows
14%
Morrigen
14%
Roxton
14%
Staunton
14%
Vance of Atranta
14%
Wull
14%
Botley
12%
Egen
12%
Forrester
12%
Gaunt
12%
Greenfield
12%
Mullendore
12%
Peasebury
12%
Qoherys
12%
Rykker
12%
Sunderland
12%
Thorne
12%
Toyne
12%
Follard
11%
Hewett
11%
Justman
11%
Leygood
11%
Lorch
11%
Prester
11%
Rambton
11%
Rhysling
11%
Serrett
11%
Sunderly
11%
Templeton
11%
Towers
11%
Vance of Wayfarer's Rest
11%
Blackbar
9%
Borrell
9%
Brune of Brownhollow
9%
Chelsted
9%
Cockshaw
9%
Errol
9%
Fisher
9%
Gargalen
9%
Hayford
9%
Horpe
9%
Magnar
9%
Mertyns
9%
Poole
9%
Slate
9%
Suggs
9%
Vaith
9%
Volmark
9%
Wode
9%
Wynch
9%
Appleton
8%
Bettley
8%
Byrch
8%
Falwell
8%
Fenn
8%
Footly
8%
Goodbrook
8%
Harte
8%
Norcross
8%
Norrey
8%
Pommingham
8%
Ryger
8%
Saltcliffe
8%
Spicer
8%
Stout
8%
Tawney
8%
Tollett
8%
Blacktyde
6%
Bolling
6%
Burley
6%
Chester
6%
Chyttering
6%
Coldwater
6%
Condon
6%
Cressey
6%
Crowl
6%
Cuy
6%
Dunn
6%
Edgerton
6%
Graceford
6%
Graves
6%
Grimm
6%
Haigh
6%
Harclay
6%
Hersy
6%
Jast
6%
Kenning of Harlaw
6%
Liddle
6%
Lynderly
6%
Mallery
6%
Merlyn
6%
Moore
6%
Oldflowers
6%
Pyle
6%
Serry
6%
Sparr
6%
Staedmon
6%
Stonehouse
6%
Stonetree
6%
Vypren
6%
Waxley
6%
Wensington
6%
Woolfield
6%
Wythers
6%
Algood
5%
Breakstone
5%
Bridges
5%
Bushy
5%
Cafferen
5%
Cordwayner
5%
Doggett
5%
Elesham
5%
Erenford
5%
Ferren
5%
Hamell
5%
Harlaw of Grey Garden
5%
Harlaw of Harlaw Hall
5%
Harlaw of Harridan Hill
5%
Hastwyck
5%
Hasty
5%
Hetherspoon
5%
Ironsmith
5%
Kenning of Kayce
5%
Lake
5%
Langward
5%
Lightfoot
5%
Lowther
5%
Lychester
5%
Manning
5%
Musgood
5%
Myre
5%
Orkwood
5%
Overton
5%
Paege
5%
Parren
5%
Risley
5%
Rollingford
5%
Roote
5%
Shawney
5%
Stackspear
5%
Teague
5%
Upcliff
5%
Varner
5%
Vyrwel
5%
Waterman
5%
Wayn
5%
Wendwater
5%
Whitehill
5%
Willum
5%
Yew
5%
Blanetree
3%
Brune of Dyre Den
3%
Charlton
3%
Donniger
3%
Drox
3%
Estren
3%
Foote
3%
Gower
3%
Grell
3%
Harlaw of the Tower of Glimmering
3%
Hawick
3%
Hawthorne
3%
Herston
3%
Inchfield
3%
Keath
3%
Kellington
3%
Kidwell
3%
Liddle
3%
Lolliston
3%
Lyberr
3%
Marsh
3%
Middlebury
3%
Moreland
3%
Moss
3%
Norridge
3%
Peckledon
3%
Pryor
3%
Redding
3%
Rogers
3%
Ruttiger
3%
Sloane
3%
Terrick
3%
Tudbury
3%
Vikary
3%
Wells
3%
Westbrook
3%
Woodwright
3%
Yarwyck
3%
Yelshire
3%
Blackmyre
2%
Garner
2%
Hutcheson
2%
Melcolm
2%
Mollen
2%
Myatt
2%
Orme
2%
Polander
2%
Pyne
2%
Ruthermont
2%
Sarsfield
2%
Shermer
2%
Shett of Gull Tower
2%
Shett of Gulltown
2%
Stane
2%
Swygert
2%
Turnberry
2%
Uffering
2%
Wagstaff
2%
Wydman
2%
No matching quizzes found
Score Distribution
Percent of People with Each Score
Percentile by Number Answered
Your Score History
You have not taken this quiz